|
|
|
|
| LEADER |
00000nab a2200000 a 4500 |
| 001 |
vtls000371709 |
| 003 |
SK-MaSNL |
| 005 |
20260302223443.0 |
| 008 |
140402c1990 xo 0 slo |
| 015 |
|
|
|a SNBRB19rr/mm-uuuuu
|
| 035 |
|
|
|a CL0371831
|
| 040 |
|
|
|a SNKBUCL
|b slo
|c SNKBUCL
|e AACR2
|
| 041 |
0 |
|
|a slo
|
| 044 |
|
|
|a xo
|c SK
|
| 080 |
|
|
|a 340.133:329.75
|2 1981
|
| 080 |
|
|
|a 329.75
|2 1981
|
| 100 |
1 |
|
|a Gahér, František,
|d 1957-
|4 aut
|9 98575
|
| 245 |
1 |
0 |
|a Zákon č. 255/46 Zb
|c František Gahér
|
| 650 |
0 |
7 |
|a Zákon č. 255/46 Zb.
|2 snkbucl
|9 953153
|
| 655 |
|
7 |
|a články z novín a časopisov
|2 snkbucl
|9 267496
|
| 773 |
0 |
|
|t Bojovník
|g Roč. 35, č. 7 (1990), s. /4/
|
| 850 |
|
|
|a Slovenská národná knižnica v Martine
|a MTA001
|
| 852 |
|
|
|a SNK
|b KIS3GCP
|
| 958 |
|
|
|a RK
|
| 992 |
|
|
|a RBX
|
| 999 |
|
|
|c 1520421
|d 1522351
|